| 000 | 00586cam a2200193 a 4500 | ||
|---|---|---|---|
| 005 | 20250901165420.0 | ||
| 008 | 950719s1996 nyua 001 0 eng | ||
| 010 | _a 95031324 | ||
| 020 | _a0446671630 | ||
| 050 | 0 | 0 |
_aHG179 .S333 1996 _b.S333 1996 |
| 082 | 0 | 0 |
_a332.024/01 _220 |
| 100 | 1 | _aSchurenberg, Eric. | |
| 245 | 1 | 0 |
_a401(k) take charge of your future / _cEric Schurenberg. |
| 260 |
_aNew York, NY : _bWarner Books, _cc1996. |
||
| 300 |
_axv, 206 p. : _bill. ; _c23 cm. |
||
| 500 | _a"Money, Americaʾs financial advisor"--Cover. | ||
| 500 | _aIncludes index. | ||
| 942 | _2ddc | ||
| 999 |
_c3607 _d3607 |
||